Yo el supremo
Kaydedildi:
| Yazar: | |
|---|---|
| Materyal Türü: | Kitap |
| Dil: | İspanyolca |
| Baskı/Yayın Bilgisi: |
Ciudad de México
Siglo Veintiuno
1981
|
| Edisyon: | 10a. ed |
| Konular: | |
| Etiketler: |
Etiketle
Etiket eklenmemiş, İlk siz ekleyin!
|
MARC
| LEADER | 00000nam a2200000 a 4500 | ||
|---|---|---|---|
| 001 | UCQ5397 | ||
| 003 | CL-VaPUC | ||
| 008 | 980925e19810000MX |||||||||||||||||spa|d | ||
| 082 | 0 | 4 | |a Pa863 |b ROA |2 21 |
| 100 | 0 | |a Roa Bastos, Augusto |e author |9 376695 | |
| 245 | 1 | 0 | |a Yo el supremo |
| 250 | |a 10a. ed | ||
| 300 | |a 467 p | ||
| 942 | |c BK | ||
| 945 | |d 19980925 00:00:00 |a crobeson | ||
| 260 | |a Ciudad de México |b Siglo Veintiuno |c 1981 | ||
| 650 | 7 | |a NOVELAS PARAGUAYAS |2 CL-VaPUC |9 319042 | |
| 650 | 7 | |a LITERATURA PARAGUAYA |2 CL-VaPUC |9 321704 | |
| 583 | |a last modification |c 19980925 00:00:00 |k Rodrigo Vera | ||
| 999 | |c 275609 |d 275607 | ||